AH International Schools' Libraries

(Khmer) Cambodian folktales of 25 provinces / (Record no. 49918)

MARC details
000 -LEADER
fixed length control field 00297nam a2200109 4500
020 ## - INTERNATIONAL STANDARD BOOK NUMBER
International Standard Book Number 9789996301766
245 ## - TITLE STATEMENT
Title (Khmer) Cambodian folktales of 25 provinces /
Statement of responsibility, etc Kimsun Sotheary.
260 ## - PUBLICATION, DISTRIBUTION, ETC. (IMPRINT)
Place of publication, distribution, etc Cambodia:
Name of publisher, distributor, etc Reading Book;
Date of publication, distribution, etc 2012.
300 ## - PHYSICAL DESCRIPTION
Extent 105 p.
650 ## - SUBJECT ADDED ENTRY--TOPICAL TERM
Topical term or geographic name as entry element Folktales.
9 (RLIN) 87011
942 ## - ADDED ENTRY ELEMENTS (KOHA)
Source of classification or shelving scheme
Koha item type Book
Holdings
Withdrawn status Lost status Source of classification or shelving scheme Damaged status Not for loan Collection code Home library Current library Date acquired Total Checkouts Full call number Barcode Date last seen Price effective from Koha item type
          Siem Riep Asian Hope Siem Reap Asian Hope Siem Reap 12/10/2025   KHMER FIC KIM 209678 12/10/2025 12/10/2025 Book

For any Logos Library related questions please contact Miss Art at swongnarasuk@asianhope.org.

For any Asian Hope Library related questions please contact Miss Raza at graza@asianhope.org.

Powered by Koha